| 000 | 00501nam a2200205Ia 4500 | ||
|---|---|---|---|
| 003 | OSt | ||
| 005 | 20260219102331.0 | ||
| 008 | 250729s1984 xx 000 0 und d | ||
| 020 | _a978-0134074252 | ||
| 040 | _cAL | ||
| 041 | _aeng | ||
| 082 | _a551 TARE | ||
| 100 |
_aTarbuck Edward J _9229373 |
||
| 245 | _aThe earth:an introduction to physical geology | ||
| 260 |
_aColumbus _c1984 |
||
| 300 | _a594p | ||
| 650 |
_aGeology _9229374 |
||
| 700 |
_aRao Digumurthi _9229375 |
||
| 942 |
_2ddc _cBED |
||
| 999 |
_c238310 _d238310 |
||